Ciudadanos Mediáticos: La construcción de lo público en la radio (Record no. 446)

MARC details
000 -LEADER
campo de control de longitud fija 00554nam a22001577a 4500
008 - DATOS DE LONGITUD FIJA--INFORMACIÓN GENERAL
campo de control de longitud fija 150311b xxu||||| |||| 00| 0 eng d
020 ## - NÚMERO INTERNACIONAL ESTÁNDAR DEL LIBRO
Número Internacional Estándar del Libro 8474329302
082 ## - NÚMERO DE LA CLASIFICACIÓN DECIMAL DEWEY
Número de clasificación 384.54
Número de ítem W 776c
100 ## - ENTRADA PRINCIPAL--NOMBRE DE PERSONA
Nombre de persona Winocur, Rosalía
9 (RLIN) 2151
245 ## - MENCIÓN DEL TÍTULO
Título Ciudadanos Mediáticos: La construcción de lo público en la radio
260 ## - PUBLICACIÓN, DISTRIBUCIÓN, ETC.
Lugar de publicación, distribución, etc. Barcelona
Nombre del editor, distribuidor, etc. Editorial Gedisa S.A.
Fecha de publicación, distribución, etc. 2002
300 ## - DESCRIPCIÓN FÍSICA
Extensión 220 p.
Dimensiones 22.5 cm
440 ## - MENCIÓN DE SERIE/PUNTO DE ACCESO ADICIONAL--TÍTULO
Título Serie Culturas
9 (RLIN) 1680
650 ## - PUNTO DE ACCESO ADICIONAL DE MATERIA--TÉRMINO DE MATERIA
Subdivisión general Radiodifusión- aspectos políticos
-- Participación política
-- Ciudadanía
-- México
9 (RLIN) 2152
700 ## - ENTRADA AGREGADA--NOMBRE PERSONAL
Nombre de persona Rosalia Winocur
9 (RLIN) 2153
Holdings
Estatus retirado Estado de pérdida Fuente del sistema de clasificación o colocación Estado de daño No para préstamo Biblioteca de origen Biblioteca actual Ubicación en estantería Fecha de adquisición Total de préstamos Signatura topográfica completa Código de barras Visto por última vez Precio de reemplazo Tipo de ítem Koha
    Clasificación Decimal Dewey     Biblioteca LadoV Biblioteca LadoV   11/03/2015   384.54 W 776c 000537 11/03/2015 11/03/2015 Material 01